Statistiques concernant Participants de Rush To The Beacon

Cliquez ici pour prendre le quiz!

Statistiques générales

  • Ce quiz a été pris 6 fois
  • Le résultat moyen est 8 sur 12

Statistiques - réponses

Saison d'apparitionJoueur% Correct
Saison 1aypierre
100%
Saison 1Fukano
100%
Saison 1nemenems
100%
Saison 1As2piK
75%
Saison 1Aurelien_Sama
50%
Saison 1Etoiles
50%
Saison 1Frigiel
50%
Saison 1Math0x
50%
Saison 1MrBboy45
50%
Saison 1SkyyartMC
50%
Saison 1ZeProf2Math
50%
Saison 1MC_Ika
25%

Distribution des résultats

Percentile par nombre de réponses

% des personnes avec chaque résultat

Votre développement - résultats

Vous n’avez pas pris ce quiz